00803 a2200157 4500003000500000005001700005040000900022082001700031245005800048250001400106260004000120300003800160505038800198600002700586650003200613Nust20221118091719.0 cNust a621.3744,SKI aTransient electric currents /cHugh Hildreth Skilling a2nd ed. / aMcGraw-HillbNew York, Londonc1952 axiii, 349 pbilluscdiagrse24 cm aIntroduction (Page-1), The Behavior of Condensers (Page-11), The Behavior of Condensers (Page-34), The Circuit Equations (Page-57), The Complete Single Circuit (Page-75), Networks (Page-127), Response to Alternating Voltage (Page-185), Coupled Resonant Circuits (Page-220), Circuits with Variables Parameters (Page-239), Traveling Waves (Page-262), Laplace Transformation (Page-306). aHugh Hildreth Skilling aTransient electric currents